Villes mondiales finissant par G - Statistiques

Statistiques générales
  • Ce quiz a été pris 102 fois
  • Le résultat moyen est 7 sur 20
Statistiques - réponses
Question Villes % Correct
Capitale de l'Écosse Edimbourg
98%
Le Parlement Européen y réside Strasbourg
93%
Plus grande ville d'Afrique du Sud Johannesburg
86%
Ville de naissance de Kim Jong-Un Pyongyang
77%
Ville autrichienne proche de l'Allemagne Salzbourg
57%
Capitale du Manitoba sur son lac éponyme Winnipeg
46%
Ville du club dont le nom commence par RasenBallsport s'il est entier Leipzig
40%
Ville indonésienne dont une conférence s'y est tenue du 18 au 24 avril 1955 Bandung
36%
Première ville portuaire du Bangladesh Chittagong
30%
Grande ville du Vietnam qui sur une carte paraît être au centre du pays Da Nang
29%
Plus grande ville de Chine par agglomération Chongqing
26%
Capitale mais pas plus grande ville du Michigan Lansing
22%
La F1 et le MotoGP participer a un Grand Prix dans cette ville de Malaisie Sépang
18%
Cinquième ville de la Suède Linköping
17%
En Belgique, son nom fait penser a une aiguille qu'on plante dans la peau Seraing
16%
Ancienne capitale royale du Laos jusqu'en 1975 Luang Prabang
14%
Même nom pour le canton suisse, sa ville et son lac Zoug
13%
Deuxième ville après Melbourne dans l'état du Victoria Geelong
10%
Capitale des Sumatra du Sud Palembang
9%
Capitale de la province d'Arkhangai en Mongolie, dont le début est une mouche qui tue Tsetserleg
5%
Aucun quiz correspondant
Distribution des résultats
% des personnes avec chaque résultat
Percentile par nombre de réponses
Votre historique - résultats
Vous n’avez pas pris ce quiz